O portigo da gloria e o seu tempo : (Registro nro. 23976)

Detalles MARC
000 -Cabecera
Campo de control interno 00667nam a2200181Ia 4500
005 - Fecha y hora del registro
control field 20260414151013.0
008 - Elementos de Longitud Fija
fixed length control field 260414t1988||||xx |||||||||||||| ||spa||
041 ## - Idioma
Codigo Idioma ESP
082 ## - DEWEY y NOTACIÓN INTERNA
Dewey 734.2446
Notación Interna P78
100 ## - AUTOR
Autor denominación Xunta de Galicia. Conselleria de Cultura e Deportes
Término de relación autor
245 #0 - TÍTULO DE MATERIAL BIBLIOGRÁFICO
Título O portigo da gloria e o seu tempo :
Título paralelo catálogo da exposición conmemorativa do VIII centenario da colocación os dinteis do Pórtico da Gloria da Catedral de Santiago de Compostela, Santiago, do 16 de setembro ó 17 de novembro de 1988
260 ## - CIUDAD, EDITORIAL, AÑO
Año 1988
300 ## - DESCRIPCIÓN
N° Páginas 197 páginas :
Dimensiones 22 cm.
650 ## - TEMAS
Temas Las Artes
654 ## - PROGRAMAS
Programa Dpto. Arquitectura y Urbanismo
942 ## - ELEMENTOS DE KOHA
Tipo de documento Libro
Nombre del creador Justo Noguera
Código de catalogador Justo Noguera
Esquema de clasificación Dewey Decimal Classification
Suppress in OPAC
Existencias
Codigo completo Registro Colección Copia número Disponibilidad Tipo de préstamo Biblioteca Actual Procedencia (Biblioteca) Ubicacón Fecha Ingreso Tipo de Adquisición Date last seen Total checkouts Price effective from Tipo de Item Estado del Material Damaged status Withdrawn status
734.2446 P78 1051535 Universidad Católica San Pablo 1 Disponible Disponible Víctor Andrés Belaunde Víctor Andrés Belaunde Segundo piso 14/04/2026 Donación 14/04/2026   14/04/2026 Libro Bueno